| 000 | 00365 a2200109 4500 | ||
|---|---|---|---|
| 001 | ART_6810 | ||
| 005 | 20260410161719.0 | ||
| 008 | 260409a | ||
| 245 | 1 | 0 | _aAportes a la solución del problema conceptual de la contabilidad |
| 100 | 1 | _aGarcía Casella, Carlos Luis | |
| 773 | 0 |
_tContabilidad y auditoría _g- Año 4, Nº 8 (dic. 1998) _wREV1723 |
|
| 999 |
_c16816 _d16816 |
||